Najdroższe transfery Interu w historii. - Statystyki

Ogólne statystyki
  • Ten quiz został rozwiązany 95 razy
  • Średni wynik to 5 z 9
Statystyki odpowiedzi
Sezon Cena Kraj Poprzedni klub Piłkarz % Poprawnych
19/20 74 mln Belgia Manchester United Lukaku
100%
20/21 41 mln Maroko Real Madryt Hakimi
94%
17/18 34 mln Słowacja Sampdoria Skriniar
62%
20/21 33 mln Włochy Cagliari Barella
51%
15/16 36 mln Republika Środkowoafrykańska Monaco Kondogbia
41%
16/17 40 mln Portugalia Sporting Mario
40%
18/19 38 mln Belgia Roma Nainggolan
40%
02/03 40 mln Argentyna Lazio Crespo
38%
99/00 46 mln Włochy Lazio Vieri
31%
Nie znaleziono quizów pasujących do podanych kryteriów
Rozkład punktacji
Procent ludzi z każdym wynikiem
Percentyl według liczby udzielonych odpowiedzi
Twoja historia wyników
Nie rozwiązałeś tego quizu